Serverová podpora užívateľských webaplikácií

Saved in:
Bibliographic Details
Main Author: Štipák, Adam, 1984- (Author)
Other Authors: Žáková, Katarína (Thesis advisor)
Format: Manuscript Book
Language:Slovak
Published: Bratislava : STU v Bratislave FEI, 2011
Subjects:
Online Access:VAIS
Tags: Add Tag
No Tags, Be the first to tag this record!

MARC

LEADER 00000ntm a22000003a 4500
001 stu230703
005 20211118130152.3
008 110709s2011----xo------------------slo-d
040 |a STU  |b slo 
041 0 |a slo 
044 |a xo 
100 1 |a Štipák, Adam,  |d 1984-  |4 aut  |u E  |T FEI Fakulta elektrotechniky a informatiky  |X 35498  |U E  |Y 30  |7 A000035498 
242 0 0 |a Server support for user's applications  |y eng 
245 1 |a Serverová podpora užívateľských webaplikácií 
260 |a Bratislava :  |b STU v Bratislave FEI,  |c 2011 
300 |a 62 s 
650 7 |a Aplikovaná informatika  |2 stusub 
650 7 |a Applied Infromatics  |2 estusub 
650 7 |a web application  |2 estusub 
650 7 |a webové služby  |2 stusub 
700 1 |a Žáková, Katarína  |4 ths  |u E010  |T FEI Ústav riadenia a priemyselnej informatiky  |X 4948  |U E010  |Y E010  |7 A000004948 
856 4 |a info a plný text  |u http://is.stuba.sk/zp/portal_zp.pl?podrobnosti=71831  |3 VAIS 
996 |b 284EP09774  |c E*DIPL-9774  |l EE23  |s P  |a 0  |w stu230703_0001